Che guaio la dieta! : (ma perchè bisogna essere magri per forza?) /

সংরক্ষণ করুন:
গ্রন্থ-পঞ্জীর বিবরন
প্রধান লেখক: Mora, Elena (লেখক)
অন্যান্য লেখক: Not, Sara (চিত্রকর)
বিন্যাস: গ্রন্থ
ভাষা:ইতালিয়
প্রকাশিত: Casale Monferrato : Piemme junior, 2003
মালা:Il battello a vapore. Superamiche del [cuore] ; 1
ট্যাগগুলো: ট্যাগ যুক্ত করুন
কোনো ট্যাগ নেই, প্রথমজন হিসাবে ট্যাগ করুন!

MARC

LEADER 00000nam a22000007i 4500
001 IT\ICCU\FER\0188072
003 ItRI
005 20240924104039.0
008 030224s2003 it |||||| ||||| |||||c
020 |a 8838478848 
040 |b ita  |c CDM 
041 7 |a ita  |2 ISO-639-2 
100 1 |a Mora, Elena  |0 IT\ICCU\CFIV\042963  |4 aut 
240 1 0 |a Che guaio la dieta!  |9 Mora, Elena 
245 1 0 |a Che guaio la dieta! :  |b (ma perchè bisogna essere magri per forza?) /  |c Elena Mora ; illustrazioni di Sara Not. 
260 |a Casale Monferrato :  |b Piemme junior,  |c 2003 
300 |a 131 p. :  |b ill. ;  |c 20 cm. 
700 1 |a Not, Sara  |0 IT\ICCU\RAVV\104107  |4 ill 
830 3 |a Il battello a vapore. Superamiche del [cuore] ;  |v 1  |0 IT\ICCU\UBO\2119002 
942 |2 ddc  |c BK 
952 |0 0  |1 0  |2 ddc  |4 0  |6 853_920000000000000_MOR_CHE  |7 1  |9 2037  |a RA  |b RA  |d 2024-09-24  |l 0  |o 853.92 MOR CHE  |p 9635  |r 2024-09-24 10:41:40  |w 2024-09-24  |y BK  |z Sezione ragazz3 
981 1 |6 z01  |a i   |b xxxe  
982 1 |6 z01  |a n 
999 |c 1784  |d 1784